KOHA-Header-6

Intermediate Accounting (Record no. 7259)

000 -LEADER
fixed length control field 00268nam a2200109Ia 4500
100 ## - MAIN ENTRY--AUTHOR NAME
Personal name Lanny G.Chasteen
245 #0 - TITLE STATEMENT
Title Intermediate Accounting
260 ## - PUBLICATION, DISTRIBUTION, ETC. (IMPRINT)
Place of publication New York
Name of publisher Prentice Hall
Year of publication 1995
300 ## - PHYSICAL DESCRIPTION
Number of Pages 1201
942 ## - ADDED ENTRY ELEMENTS (KOHA)
Koha item type Books
Holdings
Withdrawn status Lost status Collection code Permanent Location Current Location Shelving location Date acquired Full call number Accession Number Koha item type
      MAJU MAJU   2019-09-12 658.2 1033 Accounting

Powered by Koha